000
00239nam a2200097Ia 4500
008
190216s9999||||xx |||||||||||||| ||und||
100
_a
Ashok G
245
0
_a
Hindi-Kathambari
260
_b
Sahithya Pravarthaka Sahakarana Sangam
942
_c
BK
999
_c
17714
_d
17714